Dream snow / (Record no. 113630)
[ view plain ]
| 000 -LEADER | |
|---|---|
| fixed length control field | 00709nam a2200241 a 4500 |
| 001 - CONTROL NUMBER | |
| control field | 2029 |
| 005 - DATE AND TIME OF LATEST TRANSACTION | |
| control field | 20140414132031.0 |
| 008 - FIXED-LENGTH DATA ELEMENTS--GENERAL INFORMATION | |
| fixed length control field | 040109s19uu xx 00 eng d |
| 020 ## - INTERNATIONAL STANDARD BOOK NUMBER | |
| International Standard Book Number | 0-399-23579-5 |
| 050 ## - LIBRARY OF CONGRESS CALL NUMBER | |
| Classification number | TR |
| Item number | D81 2000 |
| 100 ## - MAIN ENTRY--PERSONAL NAME | |
| Personal name | Carle, Eric |
| 245 ## - TITLE STATEMENT | |
| Title | Dream snow / |
| Statement of responsibility, etc | Eric Carle. |
| 260 ## - PUBLICATION, DISTRIBUTION, ETC. (IMPRINT) | |
| Place of publication, distribution, etc | New York : |
| Name of publisher, distributor, etc | Philiomel Books, |
| Date of publication, distribution, etc | 2000. |
| 300 ## - PHYSICAL DESCRIPTION | |
| Extent | v. p. ; cm. |
| 520 ## - SUMMARY, ETC. | |
| Summary, etc | In this musical and sound effects book, a farmer celebrates Christmas after the first snowfall. |
| 650 ## - SUBJECT ADDED ENTRY--TOPICAL TERM | |
| Topical term or geographic name as entry element | Christmas |
| General subdivision | Fiction. |
| 650 ## - SUBJECT ADDED ENTRY--TOPICAL TERM | |
| Topical term or geographic name as entry element | Snow |
| General subdivision | Fiction. |
| 650 ## - SUBJECT ADDED ENTRY--TOPICAL TERM | |
| Topical term or geographic name as entry element | Farm life |
| General subdivision | Fiction. |
| 650 ## - SUBJECT ADDED ENTRY--TOPICAL TERM | |
| Topical term or geographic name as entry element | Sound effect books. |
| 650 ## - SUBJECT ADDED ENTRY--TOPICAL TERM | |
| Topical term or geographic name as entry element | Musical books. |
| 650 ## - SUBJECT ADDED ENTRY--TOPICAL TERM | |
| Topical term or geographic name as entry element | Toy and movable books. |
| Withdrawn status | Lost status | Damaged status | Use restrictions | Home library | Current library | Shelving location | Date acquired | Source of acquisition | Cost, normal purchase price | Total Checkouts | Full call number | Barcode | Date last seen | Price effective from | Koha item type |
|---|---|---|---|---|---|---|---|---|---|---|---|---|---|---|---|
| Munich Library | Munich Library | Teachers Reference Section | 01/09/2004 | 300.00 | TR D81 2000 | M5230 | 04/14/2014 | 04/14/2014 | Books |